| 000 | 00805cam a22002651 4500 | ||
|---|---|---|---|
| 001 | 31077 | ||
| 003 | BD-RjUL | ||
| 005 | 20211209051646.0 | ||
| 008 | 140413s1927 xx 001 0 eng | ||
| 035 | _a(BD-RjUL)31164 | ||
| 035 | _a(OCoLC)938517 | ||
| 040 |
_aDLC _cOClU _dDLC _dBD-RjUL _beng |
||
| 041 | _aeng | ||
| 082 |
_a192 _bWAE 1927 |
||
| 100 | 1 |
_aWard, James. _d1843-1925. _993559 |
|
| 245 | 1 | 0 |
_aEssays in philosophy / _cWith a memoir of the author by Olwen Ward Campbell. |
| 260 |
_aCambridge [Eng.] : _bThe University Press, _c1927. |
||
| 300 |
_avii, 372 p. : _bports. ; _c22 cm. |
||
| 504 | _aBibliographical footnotes & Includes Indes. | ||
| 650 | 0 |
_aPhilosophy. _994506 |
|
| 700 | 1 |
_aCampbell, Olwen Ward. _994507 |
|
| 942 |
_2ddc _cBK |
||
| 999 |
_c31077 _d31077 |
||